000 00848nam a2200193 a 4500
008 100118s2004 ||||||||||||||||| || u
020 _a0750676833
050 _aTJ 211 Hol
100 _aHolland, John M
245 1 0 _aDesigning mobile autonomous robots: inside the mind of an intelligent machine
_cby John Holland M.
260 _aOxford
_bElsevier
_c2004
300 _axv, 335p.: ill. + CD-ROM
350 _a0.00
500 _aAccompanied by CD-ROM
650 _aROBOTS
650 _aENGINEERING
995 _aMAIN LIBRARY OPEN ACCESS
_D0.00
_e741079
_FCBU-MAIN LIBRARY (Kitwe)
_H1
_I0.00
_jTJ 211 HOL
_M1
_UAVAILABLE
_WMar 18, 2010
_y741079
_ZMain Library Open Access Collection
995 _aMAIN LIBRARY OPEN ACCESS
_D0.00
_e741080
_FCBU-MAIN LIBRARY (Kitwe)
_H1
_I0.00
_jTJ 211 HOL
_M2
_UAVAILABLE
_WMar 18, 2010
_y741080
_ZMain Library Open Access Collection
999 _c63463
_d63463